[Event "IM Not A GM Speed Chess"]
[Site "chess.com INT"]
[Date "2020.04.25"]
[Round "1.14"]
[White "Rensch, Daniel"]
[Black "Coleman, Teddy"]
[Result "1/2-1/2"]
[WhiteTitle "IM"]
[BlackTitle "IM"]
[WhiteElo "2402"]
[BlackElo "2333"]
[WhiteFideId "2017202"]
[BlackFideId "2022010"]
[EventDate "2020.04.18"]

1. e4 e5 2. Nf3 Nc6 3. d4 exd4 4. Nxd4 Nf6 5. Nxc6 bxc6 6. e5 Qe7 7. Qe2 Nd5 8.
h4 a5 9. c4 Nb6 10. Nc3 Qe6 11. Qe4 Ba6 12. b3 d5 13. exd6 Qxe4+ 14. Nxe4 cxd6
15. Bf4 d5 16. Nd6+ Bxd6 17. Bxd6 O-O-O 18. Bc5 Rhe8+ 19. Kd2 dxc4+ 20. Kc2 Kc7
21. Bxb6+ Kxb6 22. bxc4 Kc5 23. Rh3 Rd4 24. Ra3 Bxc4 25. Rxa5+ Kb4 26. Ra7 Bxf1
27. Rb1+ Kc4 28. Ra4+ Kc5 29. Rxd4 Kxd4 30. Rxf1 Re2+ 31. Kb3 f5 32. a4 Kc5 33.
g3 h5 34. Rc1+ Kb6 35. Rc2 Re5 36. Kb4 g6 37. a5+ Rxa5 38. Re2 Rd5 39. Re6 Rd4+
40. Kc3 Rg4 41. Kd3 Kb5 42. Re8 c5 43. Rb8+ Kc6 44. Rc8+ Kd6 45. Rd8+ Kc7 46.
Rg8 Rd4+ 47. Kc3 Rd6 48. Kc4 Rc6 49. Rg7+ Kb6 50. Rg8 Re6 51. Rb8+ Kc7 52. Rg8
Kc6 53. Rc8+ Kd6 54. Rd8+ Kc6 55. Rc8+ Kb6 56. Rb8+ Kc6 57. Rc8+ 1/2-1/2

[Event "IM Not A GM Speed Chess"]
[Site "chess.com INT"]
[Date "2020.04.25"]
[Round "1.15"]
[White "Coleman, Teddy"]
[Black "Rensch, Daniel"]
[Result "1-0"]
[WhiteTitle "IM"]
[BlackTitle "IM"]
[WhiteElo "2333"]
[BlackElo "2402"]
[WhiteFideId "2022010"]
[BlackFideId "2017202"]
[EventDate "2020.04.18"]

1. c4 e5 2. Nc3 Nc6 3. Nf3 Nf6 4. e3 Be7 5. d4 d6 6. a3 O-O 7. b4 Bg4 8. Be2
exd4 9. Nxd4 Bxe2 10. Ncxe2 d5 11. cxd5 Qxd5 12. O-O Rad8 13. Qc2 Ne5 14. Nf5
Bd6 15. Bb2 Neg4 16. Nxd6 Qxd6 17. Nf4 Qd2 18. Rac1 c6 19. h3 Nh6 20. Bxf6 Qxc2
21. Rxc2 gxf6 22. Rc5 Rd6 23. Rb1 a6 24. a4 b6 25. Rh5 Kg7 26. Rc1 Rfd8 27. Kh2
f5 28. f3 Rf6 29. g4 fxg4 30. hxg4 Ng8 31. Kg3 Rd2 32. Rg5+ Kf8 33. e4 Rb2 34.
b5 axb5 35. axb5 Rxb5 36. Rxb5 cxb5 37. Rb1 Ne7 38. Rxb5 h6 39. Nd3 Ke8 40. Ne5
Nc8 41. f4 Na7 42. Rb1 b5 43. Nf3 Rb6 44. Nd4 b4 45. Kf3 Nc8 46. Ke3 Nd6 47. Kd3
Kd7 48. e5 Nc8 49. Kc4 Rg6 50. Rxb4 Rxg4 51. Rb7+ Ke8 52. f5 Ne7 53. Kc5 Rxd4
54. Kxd4 Nxf5+ 55. Ke4 Ng7 56. Kd5 Kf8 57. Kd6 Ne6 58. Rb1 h5 59. Rh1 Nf4 60.
Rh4 Ne6 61. Rxh5 Kg7 62. Ke7 Nc5 63. Rh1 Nd3 64. Rg1+ Kh6 65. Kf6 Kh7 66. Rg7+
Kh8 67. Rxf7 Nxe5 68. Kxe5 Kg8 69. Ra7 Kf8 70. Ke6 1-0

[Event "IM Not A GM Speed Chess"]
[Site "chess.com INT"]
[Date "2020.04.25"]
[Round "1.16"]
[White "Rensch, Daniel"]
[Black "Coleman, Teddy"]
[Result "1-0"]
[WhiteTitle "IM"]
[BlackTitle "IM"]
[WhiteElo "2402"]
[BlackElo "2333"]
[WhiteFideId "2017202"]
[BlackFideId "2022010"]
[EventDate "2020.04.18"]

1. e4 e5 2. Nf3 Nc6 3. d4 exd4 4. Nxd4 Nf6 5. Nxc6 bxc6 6. Bd3 Qe7 7. O-O g6 8.
Nc3 Bg7 9. Bg5 d6 10. f4 O-O 11. Qf3 h6 12. Bh4 Qe6 13. f5 gxf5 14. exf5 Qe5 15.
Rae1 Qd4+ 16. Bf2 Qb4 17. Ne4 Bd7 18. Bh4 Qxb2 19. c3 Nxe4 20. Rxe4 f6 21. Re7
Rf7 22. Rxf7 Kxf7 23. Bc4+ d5 24. Bxd5+ cxd5 25. Qxd5+ Ke7 26. Re1+ Kf8 27.
Qxa8+ Kf7 28. Qd5+ Kf8 29. Qxd7 Qb6+ 30. Bf2 Qb8 31. Qe6 Qd8 32. Bc5+ 1-0

[Event "IM Not A GM Speed Chess"]
[Site "chess.com INT"]
[Date "2020.04.25"]
[Round "1.18"]
[White "Rensch, Daniel"]
[Black "Coleman, Teddy"]
[Result "1-0"]
[WhiteTitle "IM"]
[BlackTitle "IM"]
[WhiteElo "2402"]
[BlackElo "2333"]
[WhiteFideId "2017202"]
[BlackFideId "2022010"]
[EventDate "2020.04.18"]

1. e4 e5 2. Nf3 Nc6 3. d4 exd4 4. Nxd4 Nf6 5. Nxc6 bxc6 6. Bd3 d5 7. e5 Ng4 8.
O-O Bc5 9. Qe2 Qe7 10. Bf4 g5 11. Bd2 O-O 12. Bc3 d4 13. Bd2 Nxe5 14. Re1 Re8
15. Qh5 f6 16. Na3 Bg4 17. Qh6 Bxa3 18. bxa3 Qg7 19. Qxg7+ Kxg7 20. Be4 Rab8 21.
h3 Bd7 22. Bb4 f5 23. Bd3 Nxd3 24. cxd3 Kf6 25. Bc5 a6 26. Bxd4+ Kf7 27. Be5 Rb5
28. Bxc7 Rxe1+ 29. Rxe1 Rb2 30. Bd6 Be6 31. d4 Rxa2 32. Rb1 Bd5 33. Rb7+ Kg6 34.
Be5 f4 35. Rg7+ Kf5 36. f3 Rxa3 37. h4 Ra1+ 38. Kh2 g4 39. Rxg4 a5 40. Rxf4+ Ke6
41. Rf6+ Ke7 42. Rh6 a4 43. Rxh7+ Ke6 44. Ra7 a3 45. h5 a2 46. h6 Rb1 47. h7
a1=Q 48. Rxa1 Rxa1 49. h8=Q Ra2 50. Qf6+ Kd7 51. Qd6+ Ke8 52. Bf6 Kf7 53. Qe7+
Kg6 54. Qg7+ Kf5 55. Be5 Bxf3 56. Qf6+ Ke4 57. Qxf3# 1-0

[Event "IM Not A GM Speed Chess"]
[Site "chess.com INT"]
[Date "2020.04.25"]
[Round "1.19"]
[White "Coleman, Teddy"]
[Black "Rensch, Daniel"]
[Result "0-1"]
[WhiteTitle "IM"]
[BlackTitle "IM"]
[WhiteElo "2333"]
[BlackElo "2402"]
[WhiteFideId "2022010"]
[BlackFideId "2017202"]
[EventDate "2020.04.18"]

1. c4 Nf6 2. Nc3 e6 3. e4 d5 4. e5 d4 5. exf6 dxc3 6. bxc3 Qxf6 7. Bd3 Nd7 8.
Nf3 Ne5 9. Be4 Bd6 10. d4 Ng6 11. c5 Bf4 12. Bxg6 hxg6 13. Bxf4 Qxf4 14. Qd2
Qe4+ 15. Qe2 Qg4 16. O-O Bd7 17. d5 Qh5 18. h3 Qxd5 19. Rfd1 Qxc5 20. Ne5 Bc6
21. Nxc6 Qxc6 22. Rab1 O-O 23. Rb4 Rad8 24. Rc1 Qd5 25. Rd4 Qg5 26. Re1 c5 27.
Rg4 Qf6 28. Qe3 b6 29. Qg3 Rd5 30. Ra4 a5 31. Rf4 Qg5 32. Qf3 Rfd8 33. Rxf7 Rf5
34. Rxf5 Qxf5 35. Qc6 Rd2 36. Qxe6+ Qxe6 37. Rxe6 b5 38. Rb6 b4 39. cxb4 cxb4
40. a3 bxa3 41. Rb1 a2 42. Ra1 Kf7 43. Kh2 Rxf2 44. Kg3 Rb2 45. Kf3 a4 46. g4 a3
47. Kf4 Kf6 48. Ke4 Kg5 49. Kf3 Kh4 50. Kf4 Kxh3 51. Kg5 Kg3 52. Kxg6 Kxg4 53.
Kxg7 Kf5 54. Kf7 Ke5 55. Ke7 Kd5 56. Kd7 Kc4 57. Kc6 Kb3 58. Rf1 Rc2+ 59. Kb5
Kb2 60. Rg1 a1=Q 61. Rxa1 Kxa1 62. Kb4 a2 63. Kb3 Kb1 0-1

[Event "IM Not A GM Speed Chess"]
[Site "chess.com INT"]
[Date "2020.04.19"]
[Round "1.20"]
[White "Rensch, Daniel"]
[Black "Coleman, Teddy"]
[Result "1/2-1/2"]
[WhiteTitle "IM"]
[BlackTitle "IM"]
[WhiteElo "2402"]
[BlackElo "2333"]
[WhiteFideId "2017202"]
[BlackFideId "2022010"]
[EventDate "2020.04.18"]

1. e4 e5 2. Nf3 Nc6 3. d4 exd4 4. Nxd4 Nf6 5. Nxc6 bxc6 6. e5 Qe7 7. Qe2 Nd5 8.
h4 a5 9. c4 Ba6 10. b3 a4 11. Bb2 Qb4+ 12. Qd2 Qxd2+ 13. Nxd2 Nb4 14. O-O-O
Nxa2+ 15. Kb1 axb3 16. Nxb3 Nb4 17. c5 Bxf1 18. Rhxf1 Be7 19. g3 Nd5 20. f4 O-O
21. f5 Rfb8 22. Rf3 Rb5 23. f6 gxf6 24. exf6 Bxc5 25. Nxc5 Rxc5 26. Rd4 Rb5 27.
Rg4+ Kf8 28. Kc1 Ra2 29. Ba3+ d6 30. Ra4 Ra1+ 31. Kc2 Ra2+ 32. Kc1 Ra1+ 33. Kc2
Ra2+ 34. Kc1 1/2-1/2

[Event "IM Not A GM Speed Chess"]
[Site "chess.com INT"]
[Date "2020.04.25"]
[Round "1.21"]
[White "Coleman, Teddy"]
[Black "Rensch, Daniel"]
[Result "0-1"]
[WhiteTitle "IM"]
[BlackTitle "IM"]
[WhiteElo "2333"]
[BlackElo "2402"]
[WhiteFideId "2022010"]
[BlackFideId "2017202"]
[EventDate "2020.04.18"]

1. d4 Nf6 2. c4 e6 3. Nc3 Bb4 4. e3 c5 5. Ne2 O-O 6. a3 cxd4 7. exd4 Be7 8. Nf4
d6 9. Be2 a6 10. Bf3 Qc7 11. Qe2 Nc6 12. Be3 Na5 13. c5 dxc5 14. dxc5 Nb3 15.
Rd1 Bxc5 16. O-O Bd7 17. Bxc5 Nxc5 18. b4 Qxf4 19. bxc5 Rac8 20. Bxb7 Rxc5 21.
Bxa6 Rxc3 22. Rd3 Rxd3 23. Bxd3 Bc6 24. Qc2 Ng4 25. Bxh7+ Kh8 26. Rc1 Qxh2+ 27.
Kf1 Qxg2+ 28. Ke1 Qg1+ 29. Kd2 Qxf2+ 30. Kc3 Qe3+ 31. Kb2 Rb8+ 32. Ka1 Qxa3+ 0-1

[Event "IM Not A GM Speed Chess"]
[Site "chess.com INT"]
[Date "2020.04.25"]
[Round "1.22"]
[White "Rensch, Daniel"]
[Black "Coleman, Teddy"]
[Result "0-1"]
[WhiteTitle "IM"]
[BlackTitle "IM"]
[WhiteElo "2402"]
[BlackElo "2333"]
[WhiteFideId "2017202"]
[BlackFideId "2022010"]
[EventDate "2020.04.18"]

1. e4 e5 2. Nf3 Nc6 3. d4 exd4 4. Nxd4 Nf6 5. Nxc6 bxc6 6. e5 Qe7 7. Qe2 Nd5 8.
h4 a5 9. c4 Nb6 10. Nc3 Qe6 11. Qe4 Ba6 12. b3 d5 13. cxd5 cxd5 14. Qc2 Qxe5+
15. Be2 Bb4 16. Bb2 d4 17. O-O dxc3 18. Bxa6 cxb2 19. Qc6+ Ke7 20. Rad1 Rxa6 21.
Rd3 Bc5 22. Rfd1 Re8 23. Kh1 Kf8 24. f4 Qh5 25. f5 Qxh4+ 26. Rh3 Qf2 27. Rxh7
Re1+ 28. Kh2 Qf4+ 29. g3 Re2+ 30. Kh3 Qxf5+ 31. g4 Re3+ 32. Kg2 Qxg4+ 33. Kf2
Re2+ 34. Kf1 Rf2+ 35. Ke1 Qg1# 0-1

[Event "IM Not A GM Speed Chess"]
[Site "chess.com INT"]
[Date "2020.04.25"]
[Round "1.23"]
[White "Coleman, Teddy"]
[Black "Rensch, Daniel"]
[Result "1/2-1/2"]
[WhiteTitle "IM"]
[BlackTitle "IM"]
[WhiteElo "2333"]
[BlackElo "2402"]
[WhiteFideId "2022010"]
[BlackFideId "2017202"]
[EventDate "2020.04.18"]

1. d4 Nf6 2. c4 e6 3. Nc3 d5 4. cxd5 exd5 5. Bg5 Be7 6. e3 O-O 7. Qc2 c6 8. Bd3
Nbd7 9. Nge2 Re8 10. O-O Nf8 11. f3 Nh5 12. Bxe7 Qxe7 13. e4 dxe4 14. fxe4 Bg4
15. e5 Rad8 16. Rf2 c5 17. dxc5 Qxe5 18. h3 Bc8 19. b4 Qe3 20. Bc4 Rd2 21. Bxf7+
Kh8 22. Qb3 Be6 23. Bxe6 Nxe6 24. Rf1 Nef4 25. Qf7 h6 26. Nxf4 Rxf2 27. Rxf2
Nxf4 28. Qxf4 Qxc3 29. Kh2 a5 30. bxa5 Qxc5 31. Qg3 Qxa5 32. Rf7 Rg8 33. Qb3
Qe5+ 34. Qg3 Qd5 35. Qb3 Qd6+ 36. Qg3 Qa6 37. a3 b5 38. Qf3 Qe6 39. Rb7 Qd6+ 40.
Qg3 Qc6 41. Rc7 Qa6 42. Rf7 Qe6 43. Rb7 Qc6 44. Qc7 Qxc7+ 45. Rxc7 Ra8 46. Rb7
Rxa3 47. Rxb5 Kh7 48. Rb6 Ra4 49. Kg3 Ra3+ 50. Kh2 Ra4 51. Rc6 Ra3 52. Rb6 1/2-1/2

[Event "IM Not A GM Speed Chess"]
[Site "chess.com INT"]
[Date "2020.04.25"]
[Round "1.24"]
[White "Rensch, Daniel"]
[Black "Coleman, Teddy"]
[Result "1-0"]
[WhiteTitle "IM"]
[BlackTitle "IM"]
[WhiteElo "2402"]
[BlackElo "2333"]
[WhiteFideId "2017202"]
[BlackFideId "2022010"]
[EventDate "2020.04.18"]

1. e4 e5 2. Nf3 Nc6 3. d4 exd4 4. Nxd4 Nf6 5. Nxc6 bxc6 6. Bd3 d5 7. e5 Ng4 8.
O-O Bc5 9. Qe2 Qe7 10. Bf4 g5 11. Bd2 O-O 12. Nc3 Nxe5 13. Rfe1 f6 14. h3 Bd7
15. Na4 Bd6 16. Be3 c5 17. Bb5 c6 18. Ba6 Rab8 19. c3 f5 20. a3 f4 21. Bxc5 Bxc5
22. Qxe5 Bd6 23. Qxe7 Bxe7 24. Rxe7 Rf7 25. Rae1 Bf5 26. Nc5 Rxb2 27. Bb7 Rb6
28. Ba6 Rb2 29. Bd3 Bxd3 30. Nxd3 Rb3 31. Rxf7 Kxf7 32. Ne5+ Kf6 33. Nxc6 Rxc3
34. Nb4 Rxa3 35. Nxd5+ Kf5 36. Re7 h5 37. Rb7 Ra1+ 38. Kh2 Ra2 39. f3 Ra1 40.
Rb5 a6 41. Rc5 Ke6 42. Nc3 Kf6 43. Ne4+ Ke6 44. Rxg5 a5 45. Rxh5 a4 46. Ra5 a3
47. h4 Kf7 48. Kh3 Kg6 49. Kg4 Ra2 50. h5+ Kh6 51. Ra6+ Kh7 52. Kxf4 Rxg2 53.
Ng5+ Kg7 54. h6+ Kf8 55. Ra8+ Ke7 56. h7 Rh2 57. h8=Q Rxh8 58. Rxh8 a2 59. Ra8
a1=Q 60. Rxa1 Kd6 61. Ne4+ Kd5 62. Rd1+ Kc4 63. Ke5 Kb3 64. f4 Kc2 65. Rd2+ Kb3
66. f5 Kb4 67. f6 Kc4 68. f7 Kb5 69. f8=Q Kc6 70. Qc5+ Kb7 71. Rb2+ Ka6 72. Qa3# 1-0

[Event "IM Not A GM Speed Chess"]
[Site "chess.com INT"]
[Date "2020.04.25"]
[Round "1.25"]
[White "Coleman, Teddy"]
[Black "Rensch, Daniel"]
[Result "1-0"]
[WhiteTitle "IM"]
[BlackTitle "IM"]
[WhiteElo "2333"]
[BlackElo "2402"]
[WhiteFideId "2022010"]
[BlackFideId "2017202"]
[EventDate "2020.04.18"]

1. c4 e5 2. Nc3 Nf6 3. Nf3 Nc6 4. e3 Be7 5. d4 exd4 6. Nxd4 O-O 7. b3 Ne5 8. Bb2
d6 9. Be2 c6 10. O-O a6 11. Qd2 Qc7 12. Rad1 Bg4 13. h3 Bxe2 14. Qxe2 Rfd8 15.
Nf5 Bf8 16. Rd2 b5 17. Rfd1 b4 18. Na4 Ne4 19. Rc2 c5 20. f3 Nf6 21. Rcd2 Ne8
22. Qf2 g6 23. Ng3 Bg7 24. Ne4 Rd7 25. Bxe5 Bxe5 26. Naxc5 Re7 27. Nd3 Bg7 28.
Nf4 Re5 29. Nxd6 Nxd6 30. Rxd6 Rae8 31. e4 Bf8 32. R6d5 Bc5 33. Rxc5 Qxc5 34.
Nd5 Qd6 35. c5 Qd8 36. c6 Kg7 37. c7 Qd6 38. Qd4 f6 39. Rc1 Rc8 40. Qa7 Rxd5 41.
exd5 Qxd5 42. Qxa6 Qd4+ 43. Kh1 Qf4 44. Qc4 Qd2 45. Kh2 h5 46. Rc2 Qd6+ 47. f4
h4 48. Kg1 g5 49. fxg5 fxg5 50. Qg4 Qb6+ 51. Kh1 Rxc7 52. Qxg5+ Kf8 53. Qf4+ Rf7
54. Rc8+ Ke7 55. Rc7+ Qxc7 56. Qxc7+ Kf8 57. Qc5+ Kg7 58. Qxb4 Rf1+ 59. Kh2 Kg6
60. Qxh4 Ra1 61. Qe4+ 1-0

[Event "IM Not A GM Speed Chess"]
[Site "chess.com INT"]
[Date "2020.04.25"]
[Round "1.26"]
[White "Rensch, Daniel"]
[Black "Coleman, Teddy"]
[Result "0-1"]
[WhiteTitle "IM"]
[BlackTitle "IM"]
[WhiteElo "2402"]
[BlackElo "2333"]
[WhiteFideId "2017202"]
[BlackFideId "2022010"]
[EventDate "2020.04.18"]

1. e4 e5 2. Nf3 Nc6 3. d4 exd4 4. Nxd4 Nf6 5. Nxc6 bxc6 6. e5 Qe7 7. Qe2 Nd5 8.
c4 Nb6 9. Nc3 Qe6 10. b3 g6 11. Bb2 Bg7 12. O-O-O O-O 13. f4 f6 14. Ne4 fxe5 15.
g3 a5 16. h4 a4 17. Bh3 Qe7 18. fxe5 Bxe5 19. Ng5 Bxb2+ 20. Qxb2 axb3 21. axb3
Qe3+ 22. Kb1 d5 23. Rhe1 Qf2 24. Re2 Bf5+ 25. Kc1 Ra1+ 26. Qxa1 Qxe2 27. Bxf5
Rxf5 28. Qc3 h6 29. Re1 Rf1 30. Rxf1 Qxf1+ 31. Kb2 hxg5 32. Qe5 dxc4 33. Qxc7
Qf2+ 34. Ka3 Qc5+ 35. Kb2 c3+ 36. Kc2 Nd5 37. Qc8+ Kg7 38. Qd7+ Ne7 39. hxg5
Qf5+ 40. Qxf5 gxf5 41. Kxc3 Kg6 42. Kd4 Kxg5 43. Ke5 Kg4 44. Ke6 Kxg3 45. Kxe7
f4 46. Kd6 f3 47. Kxc6 f2 48. b4 f1=Q 49. b5 Qf4 50. Kb6 Qb8+ 51. Ka6 Kf4 52. b6
Ke5 53. b7 Kd6 54. Kb6 Kd7 55. Ka6 Kc6 56. Ka5 Qxb7 57. Ka4 Qb2 58. Ka5 Qa3# 0-1

[Event "IM Not A GM Speed Chess"]
[Site "chess.com INT"]
[Date "2020.04.25"]
[Round "1.27"]
[White "Coleman, Teddy"]
[Black "Rensch, Daniel"]
[Result "0-1"]
[WhiteTitle "IM"]
[BlackTitle "IM"]
[WhiteElo "2333"]
[BlackElo "2402"]
[WhiteFideId "2022010"]
[BlackFideId "2017202"]
[EventDate "2020.04.18"]

1. c4 Nf6 2. Nc3 e6 3. e4 d5 4. e5 d4 5. exf6 dxc3 6. bxc3 Qxf6 7. Bd3 Nd7 8.
Nf3 Bd6 9. Be4 Nc5 10. Bc2 e5 11. O-O Bg4 12. d4 Ne6 13. c5 Bxf3 14. Qxf3 Qxf3
15. gxf3 Be7 16. Rb1 exd4 17. Rxb7 Bxc5 18. cxd4 Nxd4 19. Rxc7 Bb6 20. Ba4+ Kf8
21. Ba3+ Kg8 22. Kg2 Bxc7 23. Rd1 Ne6 24. Rd7 Rd8 25. Re7 Bd6 26. Bxd6 Rxd6 27.
Rxa7 g6 28. Bb3 Kg7 29. a4 Rb8 30. Bc4 Rb4 31. Bb5 h5 32. Be8 Ng5 33. a5 h4 34.
h3 Re6 35. Bd7 Re1 36. f4 Rxf4 37. a6 Re2 38. Bc6 Rfxf2+ 39. Kg1 Nxh3+ 0-1

[Event "IM Not A GM Speed Chess"]
[Site "chess.com INT"]
[Date "2020.04.25"]
[Round "1.28"]
[White "Rensch, Daniel"]
[Black "Coleman, Teddy"]
[Result "0-1"]
[WhiteTitle "IM"]
[BlackTitle "IM"]
[WhiteElo "2402"]
[BlackElo "2333"]
[WhiteFideId "2017202"]
[BlackFideId "2022010"]
[EventDate "2020.04.18"]

1. d4 d5 2. Nf3 Nf6 3. Bf4 e6 4. e3 c5 5. c3 Nc6 6. Bd3 Bd6 7. Bg3 Bxg3 8. hxg3
Qd6 9. Nbd2 b6 10. Bb5 Bb7 11. Ne5 O-O 12. g4 Nxe5 13. dxe5 Qxe5 14. Nf3 Qd6 15.
Bd3 Rfd8 16. g5 Ne4 17. Qc2 g6 18. O-O-O Qe7 19. Rh6 Nxg5 20. Rdh1 d4 21. exd4
cxd4 22. Nxd4 Rxd4 23. cxd4 Rc8 24. Bc4 b5 25. b3 bxc4 26. bxc4 Qa3+ 27. Kd1
Bxg2 28. Rg1 Bf3+ 29. Ke1 Qb4+ 30. Kf1 Rxc4 0-1

[Event "IM Not A GM Speed Chess"]
[Site "chess.com INT"]
[Date "2020.04.18"]
[Round "1.1"]
[White "Ippolito, Dean"]
[Black "Yip, Carissa"]
[Result "1-0"]
[WhiteTitle "IM"]
[BlackTitle "IM"]
[WhiteElo "2369"]
[BlackElo "2420"]
[WhiteFideId "2009870"]
[BlackFideId "2090732"]
[EventDate "2020.04.18"]

1. d4 g6 2. c4 Nf6 3. Nf3 Bg7 4. g3 O-O 5. Bg2 d5 6. cxd5 Nxd5 7. O-O Nb6 8. Nc3
Nc6 9. d5 Bxc3 10. dxc6 Bg7 11. cxb7 Bxb7 12. Qc2 e5 13. Bg5 f6 14. Be3 Re8 15.
Rac1 Rc8 16. Rfd1 Qe7 17. Bc5 Qe6 18. Nd4 exd4 19. Bxb7 Rb8 20. Ba6 Kh8 21. Bxd4
Qxa2 22. Bb5 Rec8 23. Ra1 Qf7 24. Rxa7 Nd5 25. Bc4 Rd8 26. e4 Nb4 27. Qc3 Qe7
28. Bd5 Nxd5 29. exd5 Rxd5 30. Rxc7 Qd6 31. Rxg7 Kxg7 32. Bxf6+ Qxf6 33. Rxd5
Qxc3 34. bxc3 Rc8 35. Rd3 Kf6 36. f4 Kf5 37. Kf2 Rb8 38. Kf3 Rb2 39. Rd6 h5 40.
h3 1-0

[Event "IM Not A GM Speed Chess"]
[Site "chess.com INT"]
[Date "2020.04.19"]
[Round "1.2"]
[White "Yip, Carissa"]
[Black "Ippolito, Dean"]
[Result "1-0"]
[WhiteTitle "IM"]
[BlackTitle "IM"]
[WhiteElo "2420"]
[BlackElo "2369"]
[WhiteFideId "2090732"]
[BlackFideId "2009870"]
[EventDate "2020.04.18"]

1. e4 c6 2. d4 d5 3. Nd2 dxe4 4. Nxe4 Nf6 5. Nxf6+ exf6 6. c3 Bd6 7. Bd3 O-O 8.
Qc2 Re8+ 9. Ne2 h5 10. Be3 Nd7 11. O-O-O Nf8 12. Kb1 Be6 13. c4 Rc8 14. Nc3 Qa5
15. Bd2 Bb4 16. a3 Bxc3 17. Bxc3 Qc7 18. Rhe1 Rb8 19. Bd2 Rbd8 20. Be3 a6 21.
Rc1 Qd7 22. Qe2 g6 23. Qf3 Bg4 24. Qxf6 Re6 25. Qg5 f6 26. Qh6 Re7 27. h3 Rh7
28. Qf4 g5 29. Qxf6 Rf7 30. Qxg5+ Rg7 31. Qe5 Be6 32. Bh6 Rxg2 33. Bxf8 1-0

[Event "IM Not A GM Speed Chess"]
[Site "chess.com INT"]
[Date "2020.04.20"]
[Round "1.3"]
[White "Ippolito, Dean"]
[Black "Yip, Carissa"]
[Result "1-0"]
[WhiteTitle "IM"]
[BlackTitle "IM"]
[WhiteElo "2369"]
[BlackElo "2420"]
[WhiteFideId "2009870"]
[BlackFideId "2090732"]
[EventDate "2020.04.18"]

1. d4 Nf6 2. c4 g6 3. Nf3 Bg7 4. g3 d5 5. cxd5 Nxd5 6. Bg2 Nb6 7. Nc3 Nc6 8. O-O
Nxd4 9. Nxd4 Bxd4 10. Qc2 Bg7 11. Rd1 Nd7 12. Nb5 c6 13. Bf4 O-O 14. Nc7 e5 15.
Nxa8 exf4 16. Qa4 fxg3 17. hxg3 a6 18. Bh3 f5 19. Qf4 Qe7 20. Rd2 Be5 21. Qc4+
Kh8 22. Rad1 Nf6 23. Nb6 Be6 24. Qa4 Qc5 25. Rd8 Rxd8 26. Rxd8+ Kg7 27. Qa3 Qxa3
28. bxa3 Bc7 29. Ra8 Bxb6 30. Rb8 Nd5 31. Rxb7+ Kh6 32. e4 Bc8 33. Rb8 fxe4 34.
Bxc8 e3 35. fxe3 Bxe3+ 36. Kh2 a5 37. Bb7 Ne7 38. Re8 Bc5 39. Bxc6 Nxc6 40. Rc8
Bxa3 41. Rxc6 Bb4 42. Rc4 Kg5 43. Kg2 Kf5 44. Kf3 Ke5 45. Rc7 h5 46. Rg7 Kf6 47.
Ra7 g5 48. Ke4 Bd6 49. Ra6 Ke7 50. Rxa5 Bxg3 51. Rxg5 h4 52. Rh5 Kd7 53. Kd5 Kc7
54. a4 Kb7 55. Kc4 Ka6 56. Kb4 Be1+ 57. Kb3 Bg3 58. Rh6+ Ka5 59. Rg6 Bf2 60.
Rg5+ Ka6 61. Re5 Bg3 62. Re6+ Ka5 63. Rh6 Bf2 64. Rh5+ Ka6 65. Kc4 Kb6 66. Rf5
Bg3 67. Rf6+ Ka5 68. Rg6 Kxa4 69. Ra6# 1-0

[Event "IM Not A GM Speed Chess"]
[Site "chess.com INT"]
[Date "2020.04.22"]
[Round "1.4"]
[White "Yip, Carissa"]
[Black "Ippolito, Dean"]
[Result "1-0"]
[WhiteTitle "IM"]
[BlackTitle "IM"]
[WhiteElo "2420"]
[BlackElo "2369"]
[WhiteFideId "2090732"]
[BlackFideId "2009870"]
[EventDate "2020.04.18"]

1. e4 e5 2. Nc3 Nf6 3. f4 d5 4. fxe5 Nxe4 5. Qf3 Nc6 6. Bb5 Nxc3 7. dxc3 Qh4+ 8.
g3 Qe4+ 9. Qxe4 dxe4 10. Ne2 Bd7 11. Bxc6 Bxc6 12. Rf1 Bc5 13. Nd4 Bd5 14. Nf5
g6 15. Be3 Bf8 16. Nd4 Bg7 17. Bf4 h6 18. Nb5 O-O-O 19. b3 a6 20. Nd4 Rhe8 21.
O-O-O g5 22. Be3 Rxe5 23. c4 Be6 24. Nxe6 Rxe6 25. Rxd8+ Kxd8 26. Rxf7 Re7 27.
Rf5 Kd7 28. Kd2 c6 29. Ke2 Re5 30. Rf7+ Re7 31. Rf5 Re5 32. Rf1 Re7 33. Bc5 Re5
34. Rf7+ Ke6 35. Rxg7 Rxc5 36. Rxb7 Ke5 37. Re7+ Kf5 38. Ke3 Kg4 39. Kxe4 Kh3
40. Rh7 Kxh2 41. g4 Kg3 42. Rxh6 Kxg4 43. Kd4 Rf5 44. Rxc6 Kf3 45. Rg6 g4 46. c5
g3 47. c6 g2 48. c7 Rf4+ 49. Kd5 Rf8 50. Ke6 Kf2 51. Kd7 Rh8 52. c8=Q Rxc8 53.
Kxc8 g1=Q 54. Rxg1 Kxg1 55. Kb7 Kf2 56. Kxa6 Ke3 57. c4 Kd4 58. Kb5 1-0

[Event "IM Not A GM Speed Chess"]
[Site "chess.com INT"]
[Date "2020.04.23"]
[Round "1.5"]
[White "Ippolito, Dean"]
[Black "Yip, Carissa"]
[Result "1-0"]
[WhiteTitle "IM"]
[BlackTitle "IM"]
[WhiteElo "2369"]
[BlackElo "2420"]
[WhiteFideId "2009870"]
[BlackFideId "2090732"]
[EventDate "2020.04.18"]

1. d4 g6 2. c4 Nf6 3. Nf3 Bg7 4. g3 d5 5. cxd5 Nxd5 6. Bg2 Nb6 7. Nc3 Nc6 8. O-O
Nxd4 9. Nxd4 Qxd4 10. Nb5 Qxd1 11. Rxd1 Be5 12. Bf4 Bxf4 13. gxf4 O-O 14. Nxc7
Rb8 15. a4 Bg4 16. a5 Nc4 17. Rd4 Nd6 18. e4 Rfd8 19. h3 Bh5 20. Rc1 b6 21. a6
Kf8 22. e5 Nf5 23. Rxd8+ Rxd8 24. Nb5 Be2 25. Nxa7 Bxa6 26. Rc6 Rd1+ 27. Kh2 Bd3
28. Rxb6 Rd2 29. Rb8+ Kg7 30. Rd8 Nh4 31. Kg3 Nxg2 32. Nc6 e6 33. Kxg2 Be4+ 34.
Kg3 Rxb2 35. Ne7 Rb3+ 36. Kh2 h5 37. Ng8 Rb2 38. Kg3 Rb3+ 39. Kh2 Ra3 40. Nf6
Ra8 41. Rd7 Bf5 42. Rc7 Ra2 43. Kg3 Ra3+ 44. Kh2 Rxh3+ 45. Kg2 Ra3 46. Rc8 h4
47. Rg8+ Kh6 48. Rh8+ Kg7 49. Rg8+ 1-0

[Event "IM Not A GM Speed Chess"]
[Site "chess.com INT"]
[Date "2020.04.24"]
[Round "1.6"]
[White "Yip, Carissa"]
[Black "Ippolito, Dean"]
[Result "0-1"]
[WhiteTitle "IM"]
[BlackTitle "IM"]
[WhiteElo "2420"]
[BlackElo "2369"]
[WhiteFideId "2090732"]
[BlackFideId "2009870"]
[EventDate "2020.04.18"]

1. e4 e5 2. Nf3 Nf6 3. d4 Nxe4 4. Bd3 d5 5. Nxe5 Nd7 6. Nc3 Nxe5 7. dxe5 Nxc3 8.
bxc3 Be7 9. O-O O-O 10. Be3 Be6 11. f4 f5 12. exf6 Bxf6 13. Qh5 g6 14. Bxg6 hxg6
15. Qxg6+ Kh8 16. f5 Bg8 17. Rf3 Bh7 18. Rh3 Qe7 19. Kh1 Rae8 20. Bc5 Qg7 21.
Bxf8 Rxf8 22. Re1 Bxc3 23. Ree3 Qxg6 0-1

[Event "IM Not A GM Speed Chess"]
[Site "chess.com INT"]
[Date "2020.04.25"]
[Round "1.7"]
[White "Ippolito, Dean"]
[Black "Yip, Carissa"]
[Result "0-1"]
[WhiteTitle "IM"]
[BlackTitle "IM"]
[WhiteElo "2369"]
[BlackElo "2420"]
[WhiteFideId "2009870"]
[BlackFideId "2090732"]
[EventDate "2020.04.18"]

1. d4 g6 2. c4 Bg7 3. Nf3 Nf6 4. g3 O-O 5. Bg2 d6 6. O-O Bf5 7. Nc3 Ne4 8. Nh4
Nxc3 9. bxc3 Bc8 10. Rb1 Nd7 11. e4 Nb6 12. Qe2 c5 13. Rd1 Qc7 14. Bf1 Bd7 15.
Be3 Rac8 16. Rdc1 Be6 17. d5 Bd7 18. f4 Rce8 19. h3 e6 20. Bg2 f5 21. dxe6 Bxe6
22. exf5 gxf5 23. Nf3 Bxc4 24. Qf2 Nd5 25. Bd2 Re2 26. Qf1 b5 27. a4 Rxd2 28.
Qe1 Re2 29. Qd1 Rxg2+ 30. Kh1 Rxg3 0-1